000 01500nam0a2200361 4500
001 RU\NLR\BIBL_A\022372992
005 20260420021000.0
010 _a978-5-17-158893-9
_92000
021 _aRU
_bКН-П-24-056895
_9КН-П-24-5673
035 _a(NLR Aleph) 022372992
090 _a13669139
_c13669139
100 _a20241105d2024 u y0rusy50 ca
101 1 _arus
_cund
102 _aRU
105 _aa z 000yy
181 0 _ai
_bxxxe
182 0 _an
200 1 _aПодлинный ключ к Таро
_fАртур Уэйт
_gполный перевод первоисточника: [Спаров В.]
_gс комментариями Мартина Вэлса
203 _aТекст
_bвизуальный
_cнепосредственный
210 _aМосква
_cАСТ
_d2024
215 _a277, [1] с.
_cил.
_d21
225 1 _aTarot Secrets
300 _aНа задней сторонке пер. авт.: А. Уэйт – мистик, оккультист
320 _aКраткая библиогр. основных работ по картам Таро: с. 257–278
333 _a16+
606 1 _aТаро
_92073672
_3RU\NLR\AUTH\661248597
686 1 _aЭ391.215
700 1 _7ca
_8rus
_aУэйт
_bА. Э.
_f1857-1942
_gАртур Эдвард
_967441
_3RU\NLR\AUTH\7784513
702 1 _4210
_7ca
_8rus
_aВэлс
_bМ.
_gМартин
_9237634
_3RU\NLR\AUTH\770237690
942 _cBOOK
980 _aNB